| 000 | 00612 a2200217 4500 | ||
|---|---|---|---|
| 003 | Nust | ||
| 005 | 20170207153530.0 | ||
| 010 | _a 97028589 | ||
| 020 | _a0070631107 | ||
| 040 | _cNust | ||
| 082 | 0 | 0 | _a658.152 |
| 100 | 1 | _aBlank, Leland T. | |
| 245 | 1 | 0 |
_aEngineering economy / _cLeland Blank, Anthony Tarquin. |
| 250 | _a4th ed. | ||
| 260 |
_a[Boston] : _bWCB/McGraw-Hill, _cc1998. |
||
| 300 |
_axii, 722 p. : _bill. ; _c24 cm. |
||
| 440 | 0 | _aMcGraw-Hill series in industrial engineering and management science | |
| 500 | _aIncludes index. | ||
| 650 | 0 | _aEngineering economy. | |
| 700 | 1 | _aTarquin, Anthony J. | |
| 942 |
_2ddc _cBK |
||
| 999 |
_c187949 _d187949 |
||